01846nam a22003257a 4500001000400000003000400004005001700008008004100025040000800066041001300074082001400087100004000101240002300141245008700164260003000251300001100281490004000292520080700332650002601139650002001165650002301185650001701208655001601225655002001241700004601261830005401307942001501361952013101376999001301507324OSt20250528074018.0250327b |||||||e |||| 00| f eng d bpor hgreapor a889bK23c1 aKazantzakis, Nikos,d1883-19579656 aChrist Recruficied aO Cristo recrucificado /cKazantzakis, Nikos ; Tradução de Guilhermina Sette aSão Paulo bAbrilc1971 a519 p.1 aOs Imortais da Literatura Universal aExistia um antigo costume na aldeia grega de Licóvrissi: a cada sete anos, por ocasião da Páscoa, se dramatizava a Paixão e Morte do Cristo. Os protagonistas desta dramatização eram escolhidos entre os próprios habitantes da aldeia e o critério usado para essa seleção era, não só a maior semelhança física, como também o comportamento moral do escolhido. Por essa mesma ocasião, chega na aldeia um grupo de esfaimados e esfarrapados que fugiam dos turcos que haviam invadido e saqueado a cidadezinha onde moravam. Pedem proteção à população, mas somente a personagem "Cristo" sai em defesa dos refugiados - e de repente o drama da Paixão de Cristo torna-se realidade. Este é o volume 23 da coleção Imortais da Literatura Universal da Editora Abril.  0aLiteratura grega9657 0aReligião9100 0aEncenação9658 0aAventura947 0aRomance923 0aFicção 9221 aSette, Guilhermina.d1908-1980.eTRADUTOR aOs Imortais da Literatura Universal9461vvol. 28 2ddcn0cBK 00102ddc40708FICaBIBIBbBIBIBcLEd2025-03-27edoaçãol0o889 / K23cp2025-17277r2025-03-27 07:39:30w2025-03-27yBK c324d324